00838 2200265 4500001002100000005001500021035002000036007000300056008004100059020002000100082001000120084001600130100003000146245006600176250002000242260003100262300006000293700003800353700004200391700004000433700002300473700004000496600001200536856002400548INLIS00000000114219820220203100424 a0010-0222000892ta220203 g 0 ind  a978-979-3764221 a004.8 a004.8 ZUL m0 aZulfikar Muhammad Rachman1 aMengelola Program Infomobilisasi /cZulfikar Muhammad Rachman aCetakan Pertama aJAKARTA :bBAPPENAS,c2007 axxxiv, 335 halaman :bILUSTRASI ;c18,5 x 24 cmekertas0 aEditor; Zulfikar Muhammad Rachman0 aReview; Vira Ramelan, Budhi Suprianto0 aKontributor; Suhardi, Sutiah,Munsir0 aIlustrator; Wahono0 aCover dan Reka Letak; Prawoto Setra 4aProgram aPerpustakaan Khusus